书目信息 |
| 题名: |
《周易注疏》校勘
|
|
| 作者: | 孔颖达, 撰 ;郭彧, 校勘 | |
| 分册: | ||
| 出版信息: | 北京 华龄出版社 2019.01 |
|
| 页数: | 376页 | |
| 开本: | 24cm | |
| 丛书名: | 周易研究经典丛书 | |
| 单 册: | ||
| 中图分类: | B221.5 | |
| 科图分类: | ||
| 主题词: | 先秦哲学--xian qin zhe xue | |
| 电子资源: | ||
| ISBN: | 978-7-5169-1355-0 | |
| 000 | 01158nam 2200277 450 | |
| 001 | CAL 0120192788706 | |
| 005 | 20230217093111.0 | |
| 010 | @a978-7-5169-1355-0@dCNY88.00 | |
| 100 | @a20190624d2019 em y0chiy0120 ea | |
| 101 | 0 | @achi |
| 102 | @aCN@b110000 | |
| 105 | @ay z 000yy | |
| 106 | @ar | |
| 200 | 1 | @a《周易注疏》校勘@A《 zhou yi zhu shu 》jiao kan@f(唐) 孔颖达撰@g郭彧校勘 |
| 210 | @a北京@c华龄出版社@d2019.01 | |
| 215 | @a376页@d24cm | |
| 225 | 2 | @a周易研究经典丛书@Azhou yi yan jiu jing dian cong shu@h第一辑@v4 |
| 330 | @a《周易注疏》, 中国三国时期魏国玄学家王弼著。为历史上重要的《周易注》之一。唐太宗命孔颖达等修《五经正义》, 其中《周易》选用王弼注, 认为“唯魏世王辅嗣之注, 独冠古今”。从此, 王弼《周易注》作为官方定本而流传于世。而后世多有流传过程多有变迁, 本书选用南宋刻本为底本, 进行整理校勘, 并做了大量的校勘说明。 | |
| 410 | 0 | @12001 @a周易研究经典丛书@h第一辑@v4 |
| 605 | @a周易@Azhou yi@x研究 | |
| 606 | 0 | @a先秦哲学@Axian qin zhe xue |
| 690 | @aB221.5@v5 | |
| 701 | 0 | @a孔颖达,@Akong ying da@f唐代@4撰 |
| 702 | 0 | @a郭彧,@Aguo yu@f1941-@4校勘 |
| 801 | 0 | @aCN@bBJXHZP@c20230222 |
| 905 | @b1393272-5@dB221.5@e1042@f4 | |
| 《周易注疏》校勘/(唐) 孔颖达撰/郭彧校勘.-北京:华龄出版社,2019.01 |
| 376页;24cm.-(周易研究经典丛书.第一辑;4) |
| ISBN 978-7-5169-1355-0:CNY88.00 |
| 《周易注疏》, 中国三国时期魏国玄学家王弼著。为历史上重要的《周易注》之一。唐太宗命孔颖达等修《五经正义》, 其中《周易》选用王弼注, 认为“唯魏世王辅嗣之注, 独冠古今”。从此, 王弼《周易注》作为官方定本而流传于世。而后世多有流传过程多有变迁, 本书选用南宋刻本为底本, 进行整理校勘, 并做了大量的校勘说明。 |
| ● |
| 相关链接 |
|
|
|
|
正题名:《周易注疏》校勘
索取号:B221.5/1042
 
预约/预借
| 序号 | 登录号 | 条形码 | 馆藏地/架位号 | 状态 | 备注 |
| 1 | 1393272 | 213932725 | 第一样本阅览室/ [索取号:B221.5/1042] | 在馆 | |
| 2 | 1393273 | 213932734 | 第一借阅区/ [索取号:B221.5/1042] | 在馆 | |
| 3 | 1393274 | 213932743 | 第一借阅区/ [索取号:B221.5/1042] | 在馆 | |
| 4 | 1393275 | 213932752 | 第一借阅区/ [索取号:B221.5/1042] | 在馆 |